Bandeiras Estados Americanos - Statistics

Estatísticas Gerais
  • Esse quiz foi jogado 608 vezes
  • A pontuação média é 22 de 50
Estatísticas das Respostas
Imagem Resposta % Correto
Arkansas
96%
Califórnia
96%
Dakota do Sul
79%
Alabama
71%
Idaho
71%
Alasca
69%
Colorado
67%
Dakota do Norte
67%
Arizona
66%
Flórida
66%
Oregon
66%
Texas
64%
Indiana
63%
Carolina do Norte
58%
Washington
58%
Havaí
57%
Kentucky
51%
Minnesota
51%
Carolina do Sul
49%
Nevada
46%
Utah
45%
Maine
43%
Nebraska
43%
Delaware
42%
Virgínia
42%
Wyoming
42%
Geórgia
41%
Ohio
40%
Novo México
37%
Kansas
34%
Connecticut
33%
Nova Hampshire
33%
Iowa
32%
Vermont
32%
Illinois
31%
Virgínia Ocidental
31%
Luisiana
28%
Marilândia
27%
Mississíppi
25%
Tennessee
25%
Nova Iorque
24%
Ilha de Rodes
23%
Oklahoma
23%
Nova Jérsia
22%
Michigan
21%
Montana
21%
Massachusetts
20%
Missouri
18%
Pensilvânia
18%
Wisconsin
18%
Nenhum quiz correspondente encontrado
Distribuição das Pontuações
Porcentagem de Pessoas com Cada Pontuação
Percentil de Números Respondidos
Sua Pontuação Histórica
Você não jogou esse quiz